[Event "Masternorm Tournament"]
[Site "SchemingMind.com"]
[Date "2019.01.29"]
[Round "-"]
[White "Archon"]
[Black "Dicken"]
[Result "0-1"]
[WhiteCountry "CAN"]
[BlackCountry "GER"]
[WhiteElo "1862"]
[WhiteRD "72"]
[BlackElo "2141"]
[BlackRD "65"]
[GameID "437784"]

1. Nf3 Nf6 2. c4 g6 3. b4 Bg7 4. Bb2 O-O 5. g3 d6 6. Bg2 e5 7. d3 a5 8. b5 Nbd7 9. Nc3 Nc5 10. O-O Re8
11. Nd2 h5 12. Ba3 h4 13. Bxc5 dxc5 14. Nde4 Nxe4 15. Bxe4 Rb8 16. Rc1 f5 17. Bf3 Qg5 18. e3 e4 19. dxe4 Bxc3 20. Rxc3 fxe4
21. Be2 Bh3 22. Re1 Rbd8 23. Qc2 Rf8 24. Bf1 Bxf1 25. Rxf1 Qg4 26. Re1 Qf3 27. Qe2 Rd1 28. Rc2 h3
0-1

[Event "Masternorm Tournament"]
[Site "SchemingMind.com"]
[Date "2019.01.29"]
[Round "-"]
[White "Dicken"]
[Black "Archon"]
[Result "1-0"]
[WhiteCountry "GER"]
[BlackCountry "CAN"]
[WhiteElo "2141"]
[WhiteRD "65"]
[BlackElo "1862"]
[BlackRD "72"]
[GameID "437785"]

1. e4 d6 2. d4 Nf6 3. Nc3 g6 4. Be3 Bg7 5. f3 c6 6. Qd2 b5 7. h4 h5 8. O-O-O Nbd7 9. Kb1 Nb6 10. Qf2 b4
11. Nce2 Rb8 12. Nf4 Qc7 13. Ngh3 e5 14. dxe5 dxe5 15. Nd3 Bf8 16. Nxe5 Bxh3 17. Bf4 Bd6 18. Qd4 c5 19. Qxd6 Qxd6 20. Rxd6 Be6
21. Nxg6
1-0

[Event "Masternorm Tournament"]
[Site "SchemingMind.com"]
[Date "2019.02.15"]
[Round "-"]
[White "Archon"]
[Black "Stephen Woodhouse"]
[Result "0-1"]
[WhiteCountry "CAN"]
[BlackCountry "ENG"]
[WhiteElo "1817"]
[WhiteRD "71"]
[BlackElo "1870"]
[BlackRD "68"]
[GameID "438336"]

1. Nf3 e6 2. g3 f5 3. Bg2 Nf6 4. O-O Be7 5. c4 O-O 6. b3 Ne4 7. Bb2 Bf6 8. Qc2 Nc6 9. d3 Bxb2 10. Qxb2 Qf6
11. Qxf6 Nxf6 12. Nc3 a6 13. a3 d6 14. Rac1 Bd7 15. e3 Rae8 16. Rfd1 e5 17. Nd2 Nd8 18. h3 Bc6 19. Bxc6 Nxc6 20. Kg2 g5
21. Nf3 h6 22. Nd5 Rf7 23. Ng1 Nd8 24. Ne2 Ne6 25. Nec3 f4 26. Nxf6+ Rxf6 27. Nd5 Rf7 28. Rf1 Ref8 29. Rce1 c6 30. Nc3 Kg7
31. Nd1 Kg6 32. g4 Nc5 33. d4 Nd3 34. Re2 f3+
0-1

[Event "Masternorm Tournament"]
[Site "SchemingMind.com"]
[Date "2019.02.15"]
[Round "-"]
[White "Stephen Woodhouse"]
[Black "Archon"]
[Result "0-1"]
[WhiteCountry "ENG"]
[BlackCountry "CAN"]
[WhiteElo "1870"]
[WhiteRD "68"]
[BlackElo "1817"]
[BlackRD "71"]
[GameID "438337"]

1. e4 d6 2. d4 Nf6 3. Nc3 g6 4. Nf3 Bg7 5. Be2 O-O 6. O-O e6 7. h3 Nc6 8. Be3 a6 9. Qd2 b5 10. a3 Bb7
11. Rad1 Ne7 12. e5 Nd7 13. Bh6 Bxf3 14. Bxf3 d5 15. g4 c5 16. Bxg7 Kxg7 17. Rfe1 Rc8 18. Bg2 cxd4 19. Qxd4 Nc6 20. Qf4 h6
21. Qg3 Qc7 22. f4 b4 23. Ne2 a5 24. Nd4 Nxd4 25. Rxd4 Qb6 26. c3 bxc3 27. bxc3 Rc4 28. Qd3 Rfc8 29. Rb1 Qa7 30. Rc1 Qc5
31. Rd1 Rxc3 32. Qd2 Rxa3 33. Kh2 Nb6 34. f5 Nc4 35. Qf4 Qf8 36. Bxd5 exd5 37. Rxd5 Ne3 38. Qf3 Nxd1 39. Qxd1 Ra2+ 40. Kg3 Rc3+
41. Kh4 g5+
0-1

[Event "Masternorm Tournament"]
[Site "SchemingMind.com"]
[Date "2019.02.14"]
[Round "-"]
[White "Stephen Woodhouse"]
[Black "Dicken"]
[Result "0-1"]
[WhiteCountry "ENG"]
[BlackCountry "GER"]
[WhiteElo "1892"]
[WhiteRD "68"]
[BlackElo "2141"]
[BlackRD "65"]
[GameID "438338"]

1. e4 c5 2. c3 Nf6 3. e5 Nd5 4. d4 cxd4 5. Nf3 Nc6 6. cxd4 d6 7. Bc4 Nb6 8. Bb5 dxe5 9. Nxe5 Bd7 10. Nxd7 Qxd7
11. Nc3 e6 12. O-O Rd8 13. Be3 Be7 14. Qg4 O-O 15. Rad1 g6 16. d5 Nxd5 17. Bxa7 Qc7 18. Nxd5 exd5 19. Be3 Bf6 20. Bg5 Qe5
21. Bxf6 Qxf6 22. b3 Rfe8 23. Qa4 Re4 24. Qa3 d4 25. Rfe1 Rxe1+ 26. Rxe1 d3 27. Rd1 Qe5 28. Bxc6 d2 29. Kf1 bxc6 30. Qa4 Re8
31. b4 Qe1+ 32. Rxe1 dxe1=Q#
0-1

[Event "Masternorm Tournament"]
[Site "SchemingMind.com"]
[Date "2019.02.14"]
[Round "-"]
[White "Dicken"]
[Black "Stephen Woodhouse"]
[Result "1-0"]
[WhiteCountry "GER"]
[BlackCountry "ENG"]
[WhiteElo "2141"]
[WhiteRD "65"]
[BlackElo "1892"]
[BlackRD "68"]
[GameID "438339"]

1. e4 e6 2. d4 d5 3. Nc3 dxe4 4. Nxe4 Nd7 5. Nf3 Ngf6 6. Nxf6+ Nxf6 7. Bd3 c5 8. dxc5 Bxc5 9. O-O Qc7 10. Qe2 O-O
11. Bg5 Be7 12. Rad1 Nd5 13. Bxe7 Qxe7 14. Bxh7+ Kxh7 15. Rxd5 Qf6 16. Rh5+ Kg8 17. Ne5 Rd8 18. Rh3 Rd5 19. Qh5 g6 20. Qh7+ Kf8
21. Rf3
1-0

[Event "Masternorm Tournament"]
[Site "SchemingMind.com"]
[Date "2019.02.19"]
[Round "-"]
[White "Geoffrey Rosser"]
[Black "Archon"]
[Result "1-0"]
[WhiteCountry "ENG"]
[BlackCountry "CAN"]
[WhiteElo "1836"]
[WhiteRD "61"]
[BlackElo "1817"]
[BlackRD "71"]
[GameID "438448"]

1. e4 d6 2. d4 Nf6 3. Nc3 g6 4. Be3 Bg7 5. Qd2 c6 6. f3 b5 7. Bd3 Nbd7 8. Nh3 e5 9. d5 cxd5 10. Nxb5 Nb6
11. Qb4 Bf8 12. Nxa7 d4 13. Nxc8 Rxc8 14. Bg5 Bg7 15. Bb5+ Nbd7 16. O-O Rxc2 17. Qxd6 Qc7 18. Qxc7 Rxc7 19. Rac1 Rxc1 20. Rxc1 O-O
21. a4 Rb8 22. Rc7 Nf8 23. Rc2 Ne6 24. Bxf6 Bxf6 25. Nf2 Kf8 26. Nd3 Ke7 27. Kf2 Kd8 28. Nb4 Ra8 29. Nc6+ Kd7 30. Nxe5+ Ke7
31. Nd7 Bg7 32. Nb6 Rb8 33. a5
1-0

[Event "Masternorm Tournament"]
[Site "SchemingMind.com"]
[Date "2019.02.19"]
[Round "-"]
[White "Archon"]
[Black "Geoffrey Rosser"]
[Result "0-1"]
[WhiteCountry "CAN"]
[BlackCountry "ENG"]
[WhiteElo "1894"]
[WhiteRD "73"]
[BlackElo "1851"]
[BlackRD "63"]
[GameID "438449"]

1. Nf3 d5 2. e3 c5 3. b3 Nc6 4. Bb5 Qc7 5. Bb2 Bd7 6. O-O f6 7. Nc3 e6 8. Nh4 O-O-O 9. f4 Nh6 10. Nf3 a6
11. Bxc6 Bxc6 12. Ne2 Be7 13. Ng3 Nf7 14. Qe1 h5 15. Ne2 Rh7 16. Rc1 Rg8 17. c4 g5 18. fxg5 fxg5 19. d3 g4 20. Nd2 Bd6
21. g3 Ne5 22. Nf4 Rh6 23. d4 Nf3+ 24. Nxf3 gxf3 25. dxc5 Bxf4 26. exf4 Qxf4 27. Qe5 Qg4 28. Qd4 dxc4 29. Rxc4 Bb5 30. Qxg4 hxg4
31. Rcc1 Bxf1 32. Rxf1 Rd8 33. Bc1 Rh7 34. Bf4 Rd5 35. Bd6 Rd2
0-1

[Event "Masternorm Tournament"]
[Site "SchemingMind.com"]
[Date "2019.02.19"]
[Round "-"]
[White "Geoffrey Rosser"]
[Black "Stephen Woodhouse"]
[Result "1-0"]
[WhiteCountry "ENG"]
[BlackCountry "ENG"]
[WhiteElo "1836"]
[WhiteRD "61"]
[BlackElo "1870"]
[BlackRD "68"]
[GameID "438450"]

1. e4 e6 2. d4 d5 3. e5 c5 4. Nf3 cxd4 5. Nxd4 Nc6 6. Bb5 Bd7 7. O-O Nxe5 8. Bf4 Bd6 9. Bxd7+ Qxd7 10. Re1 Nc4
11. Nxe6 fxe6 12. Qxd5 Bxf4 13. Qxc4 Bd6 14. Rxe6+ Ne7 15. Nc3 Rc8 16. Qb3 Kd8 17. Rxd6 Qxd6 18. Rd1
1-0

[Event "Masternorm Tournament"]
[Site "SchemingMind.com"]
[Date "2019.02.19"]
[Round "-"]
[White "Stephen Woodhouse"]
[Black "Geoffrey Rosser"]
[Result "1-0"]
[WhiteCountry "ENG"]
[BlackCountry "ENG"]
[WhiteElo "1870"]
[WhiteRD "68"]
[BlackElo "1836"]
[BlackRD "61"]
[GameID "438451"]

1. e4 e5 2. Nf3 Nc6 3. d4 exd4 4. Nxd4 Nf6 5. Nc3 Bb4 6. Nxc6 bxc6 7. Bd3 d5 8. exd5 cxd5 9. O-O O-O 10. Bg5 c6
11. Qf3 Be7 12. Rae1 Be6 13. Ne2 Qc7 14. h3 Qe5 15. Bc1 Qc7 16. Nf4 Bd7 17. Rxe7 Qd6 18. Re2 c5 19. c3 d4 20. cxd4 cxd4
21. Nh5 Nxh5 22. Qxh5 f5 23. Rfe1
1-0

[Event "Masternorm Tournament"]
[Site "SchemingMind.com"]
[Date "2019.02.19"]
[Round "-"]
[White "Geoffrey Rosser"]
[Black "Dicken"]
[Result "1/2-1/2"]
[WhiteCountry "ENG"]
[BlackCountry "GER"]
[WhiteElo "1836"]
[WhiteRD "61"]
[BlackElo "2137"]
[BlackRD "70"]
[GameID "438452"]

1. e4 c5 2. c3 Nf6 3. e5 Nd5 4. Nf3 Nc6 5. d4 cxd4 6. Bc4 Nb6 7. Bb3 d5 8. exd6 Qxd6 9. O-O Be6 10. Bxe6 Qxe6
11. Nxd4 Nxd4 12. Qxd4 Rd8 13. Qe3 Qxe3 14. Bxe3 Nc4 15. Bxa7 Nxb2 16. Na3 e6 17. Nb5 Na4 18. Rfd1 Rxd1+ 19. Rxd1 Bc5 20. Rb1 Ke7
21. Bxc5+ Nxc5 22. Rd1 Ra8=
1/2-1/2

[Event "Masternorm Tournament"]
[Site "SchemingMind.com"]
[Date "2019.02.19"]
[Round "-"]
[White "Dicken"]
[Black "Geoffrey Rosser"]
[Result "1-0"]
[WhiteCountry "GER"]
[BlackCountry "ENG"]
[WhiteElo "2137"]
[WhiteRD "70"]
[BlackElo "1836"]
[BlackRD "61"]
[GameID "438453"]

1. e4 e5 2. f4 exf4 3. Bc4 Nf6 4. Nc3 c6 5. Bb3 d5 6. exd5 cxd5 7. d4 Bb4 8. Nf3 O-O 9. O-O Bxc3 10. bxc3 Be6
11. Bxf4 Nbd7 12. Bg5 Qc7 13. Qd3 Ne4 14. c4 Nxg5 15. Nxg5 g6 16. cxd5 Bg4 17. Nxf7 Kg7 18. Qe3 Nf6 19. Qh6+ Kg8 20. Rxf6 Rxf7
21. d6 Qb6 22. Rxf7 Qxd4+ 23. Kh1 Qxa1+ 24. Rf1+
1-0

[Event "Masternorm Tournament"]
[Site "SchemingMind.com"]
[Date "2019.02.25"]
[Round "-"]
[White "Geoffrey Rosser"]
[Black "flyinduck"]
[Result "1/2-1/2"]
[WhiteCountry "ENG"]
[BlackCountry "CAN"]
[WhiteElo "1867"]
[WhiteRD "64"]
[BlackElo "2049"]
[BlackRD "60"]
[GameID "438660"]

1. e4 c5 2. c3 e6 3. Nf3 Nf6 4. Bd3 d5 5. exd5 exd5 6. O-O Be7 7. Bb5+ Bd7 8. Bxd7+ Qxd7 9. d3 Nc6 10. Bf4 O-O
11. Ne5 Nxe5 12. Bxe5 Ng4 13. Bg3 Bf6 14. Nd2 Rfe8 15. Nf3 Qf5 16. d4 b6 17. h3 Nh6 18. dxc5 bxc5 19. Bh4 Bxh4 20. Nxh4 Qd7
21. Qd3 Re4 22. Nf3 Rd8 23. Ng5 f5 24. Nxe4 fxe4 25. Qc2 Nf5 26. Rad1 Qe6 27. Rfe1 Rf8 28. Qb3 Ne7 29. Qa3 Qb6 30. Re2 h6
31. b4 c4 32. Qc1 Ng6 33. g3 Rf5 34. Qe3 Qf6 35. Qxa7 Kh7 36. Qd4 Ne5 37. Kg2 Rf3 38. Qxd5 Rxg3+ 39. fxg3 Qf3+ 40. Kg1 Qxe2
41. Qxe5 Qxd1+ 42. Kf2 Qd2+ 43. Kf1 Qd1+=
1/2-1/2

[Event "Masternorm Tournament"]
[Site "SchemingMind.com"]
[Date "2019.02.25"]
[Round "-"]
[White "flyinduck"]
[Black "Geoffrey Rosser"]
[Result "0-1"]
[WhiteCountry "CAN"]
[BlackCountry "ENG"]
[WhiteElo "2033"]
[WhiteRD "62"]
[BlackElo "1851"]
[BlackRD "63"]
[GameID "438661"]

1. e4 e5 2. f4 exf4 3. Nf3 g5 4. Nc3 Bg7 5. d4 Nc6 6. d5 Ne5 7. Be2 d6 8. O-O Bd7 9. Nd4 Nh6 10. h4 g4
11. Bxf4 Qxh4 12. g3 Qh5 13. Rf2 Nf3+ 14. Nxf3 gxf3 15. Bxf3 Ng4 16. a4 Nxf2 17. Bxh5 Nxd1 18. Nxd1 Be5 19. c3 Bxf4 20. gxf4 Rg8+
21. Kf2 Bg4
0-1

[Event "Masternorm Tournament"]
[Site "SchemingMind.com"]
[Date "2019.02.25"]
[Round "-"]
[White "Archon"]
[Black "flyinduck"]
[Result "1/2-1/2"]
[WhiteCountry "CAN"]
[BlackCountry "CAN"]
[WhiteElo "1891"]
[WhiteRD "75"]
[BlackElo "2049"]
[BlackRD "60"]
[GameID "438662"]

1. Nf3 d5 2. e3 Nf6 3. c4 c6 4. Qc2 e6 5. b3 Bd6 6. Bb2 O-O 7. Be2 Nbd7 8. Nc3 e5 9. d3 Re8 10. a3 Nf8
11. b4 Ng6 12. cxd5 cxd5 13. Nb5 Bb8 14. Rc1 Bg4 15. h3 Bxf3 16. Bxf3 a5 17. Nc7 Bxc7 18. Qxc7 axb4 19. Qxd8 Rexd8 20. axb4 Ra2
21. Ba1 Kf8 22. O-O Ke7 23. Rfd1 Kd7 24. Kf1 Rda8=
1/2-1/2

[Event "Masternorm Tournament"]
[Site "SchemingMind.com"]
[Date "2019.02.25"]
[Round "-"]
[White "flyinduck"]
[Black "Archon"]
[Result "1-0"]
[WhiteCountry "CAN"]
[BlackCountry "CAN"]
[WhiteElo "2049"]
[WhiteRD "60"]
[BlackElo "1891"]
[BlackRD "75"]
[GameID "438663"]

1. e4 d6 2. d4 Nf6 3. Nc3 g6 4. Be3 Bg7 5. Qd2 c6 6. Nf3 O-O 7. Bh6 Qc7 8. O-O-O b5 9. Bxg7 Kxg7 10. e5 dxe5
11. dxe5 Ng4 12. Qe1 Be6 13. h3 Nh6 14. Ng5 Qc8 15. f4 Na6 16. Kb1 Nc7 17. g4 f5 18. exf6+ exf6 19. Nxe6+ Qxe6 20. Bg2 Rae8
21. Qg3 b4 22. Ne4 Nd5 23. Rhe1 Qd7 24. Nc5 Rxe1 25. Rxe1
1-0

[Event "Masternorm Tournament"]
[Site "SchemingMind.com"]
[Date "2019.02.25"]
[Round "-"]
[White "Stephen Woodhouse"]
[Black "flyinduck"]
[Result "1/2-1/2"]
[WhiteCountry "ENG"]
[BlackCountry "CAN"]
[WhiteElo "1866"]
[WhiteRD "73"]
[BlackElo "2033"]
[BlackRD "62"]
[GameID "438664"]

1. e4 c5 2. c3 e6 3. d4 d5 4. exd5 Qxd5 5. Nf3 Nc6 6. Na3 a6 7. Bc4 Qd8 8. d5 exd5 9. Qxd5 Qxd5 10. Bxd5 Nge7
11. Bb3 Bg4 12. Nc4 Ng6 13. Be3 Be7 14. Ke2 b5 15. Nb6 Rd8 16. Nd5 Bd6 17. a4 O-O 18. axb5 axb5 19. h3 Bc8 20. c4 Rfe8
21. cxb5 Nd4+ 22. Nxd4 cxd4 23. Rhc1 dxe3 24. Nxe3 Nf4+ 25. Kf1 Nd3 26. Rc2 Nc5 27. Bd5 Bb7 28. Rxc5 Bxc5 29. Bxb7 Bxe3 30. fxe3 Rxe3
31. Ra3 Rxa3 32. bxa3 Kf8 33. a4 Ke7 34. a5 Kd6 35. a6 Kc7 36. Bf3 Kb6 37. Be2 f5 38. Kf2 g5 39. g3 Rd2 40. Ke3 Ra2
41. Kf2 h5=
1/2-1/2

[Event "Masternorm Tournament"]
[Site "SchemingMind.com"]
[Date "2019.02.25"]
[Round "-"]
[White "flyinduck"]
[Black "Stephen Woodhouse"]
[Result "1-0"]
[WhiteCountry "CAN"]
[BlackCountry "ENG"]
[WhiteElo "2033"]
[WhiteRD "62"]
[BlackElo "1866"]
[BlackRD "73"]
[GameID "438665"]

1. e4 e6 2. d4 d5 3. e5 c5 4. c3 Nc6 5. Nf3 Bd7 6. Be2 Nge7 7. O-O Ng6 8. Be3 Be7 9. a3 Rc8 10. b4 cxd4
11. cxd4 O-O 12. Nbd2 a6 13. Nb3 Na7 14. Nc5 Bxc5 15. bxc5 Bb5 16. a4 Bxe2 17. Qxe2 Nh4 18. Nxh4 Qxh4 19. Rab1 Rc7 20. Qd2 Nc6
21. Rb3 f6 22. exf6 Qxf6 23. Rfb1 Rff7 24. f3 e5 25. dxe5 Qxe5 26. Bf2 d4 27. Bg3 Qe7 28. Bxc7 Qxc7 29. Rxb7
1-0

[Event "Masternorm Tournament"]
[Site "SchemingMind.com"]
[Date "2019.02.25"]
[Round "-"]
[White "flyinduck"]
[Black "Dicken"]
[Result "0-1"]
[WhiteCountry "CAN"]
[BlackCountry "GER"]
[WhiteElo "2033"]
[WhiteRD "62"]
[BlackElo "2132"]
[BlackRD "66"]
[GameID "438666"]

1. e4 c5 2. Nf3 d6 3. Bb5+ Bd7 4. Bxd7+ Qxd7 5. c4 Nc6 6. d4 cxd4 7. Nxd4 Nf6 8. Nc3 g6 9. O-O Bg7 10. f3 Nxe4
11. Nxe4 Nxd4 12. Bd2 O-O 13. Bc3 Nc6 14. Bxg7 Kxg7 15. b3 Rfd8 16. Qd2 a6 17. Rad1 b5 18. h4 bxc4 19. Qc3+ Kg8 20. Qxc4 d5
21. Qe2 Qa7+ 22. Nf2 Nd4 23. Qe5 Nf5 24. h5 Ne3 25. h6 f6 26. Qe6+ Kf8 27. g4 Nxf1 28. g5 Rd6
0-1

[Event "Masternorm Tournament"]
[Site "SchemingMind.com"]
[Date "2019.02.25"]
[Round "-"]
[White "Dicken"]
[Black "flyinduck"]
[Result "1-0"]
[WhiteCountry "GER"]
[BlackCountry "CAN"]
[WhiteElo "2132"]
[WhiteRD "66"]
[BlackElo "2033"]
[BlackRD "62"]
[GameID "438667"]

1. e4 c5 2. Nf3 Nc6 3. d4 cxd4 4. Nxd4 Qc7 5. Nc3 e6 6. a3 a6 7. Be3 b5 8. Be2 Nf6 9. O-O Bb7 10. Nxc6 Bxc6
11. Bd3 Rb8 12. f4 a5 13. Qe2 Qb7 14. e5 Nd5 15. Nxd5 Bxd5 16. f5 Be7 17. Qg4 g6 18. fxg6 fxg6 19. Rf2 Qc7 20. Raf1 Bc5
21. Qh4 Bxe3 22. Bxg6+ hxg6 23. Qxh8+ Ke7 24. Qf6+ Ke8 25. Qf8#
1-0

[Event "Masternorm Tournament"]
[Site "SchemingMind.com"]
[Date "2019.02.28"]
[Round "-"]
[White "Geoffrey Rosser"]
[Black "Aleksandr Frenkel"]
[Result "0-1"]
[WhiteCountry "ENG"]
[BlackCountry "USA"]
[WhiteElo "1836"]
[WhiteRD "61"]
[BlackElo "2143"]
[BlackRD "72"]
[GameID "438817"]

1. e4 e5 2. Nf3 Nc6 3. d4 exd4 4. Nxd4 Bc5 5. Nf5 d5 6. Nc3 Bxf5 7. exf5 Qe7+ 8. Be2 d4 9. Nd5 Qe5 10. Nf4 Bb4+
11. Kf1 Qxf5 12. Bg4 Qa5 13. Qe2+ Nge7 14. Nd3 O-O 15. Nxb4 Qxb4 16. Qd2 d3 17. Qxb4 Nxb4 18. cxd3 Nxd3 19. g3 Rfe8 20. Kg2 Rad8
21. Bg5 f6 22. Be6+ Kf8 23. Be3 Nd5 24. Bxd5 Rxd5 25. Rhd1 Red8 26. Kf1 a6 27. Rd2 Ke7 28. b3 Nb4 29. Rxd5 Nxd5 30. Bc5+ Kf7
31. Re1 b6 32. Ba3 c5 33. Re2 Nc3 34. Rc2 Rd3 35. Kg2 h5 36. Bc1 g5 37. Bd2 Nb5 38. Be3 Nd4 39. Rd2 Rxd2 40. Bxd2 g4
41. h3 Ke6 42. hxg4 hxg4 43. Bf4 b5 44. Bc7 Ne2 45. Bb6 Kd5 46. Bd8 f5 47. Bg5 Ke4 48. f3+ gxf3+ 49. Kf2 c4 50. bxc4 bxc4
51. a4 c3 52. a5 f4
0-1

[Event "Masternorm Tournament"]
[Site "SchemingMind.com"]
[Date "2019.02.28"]
[Round "-"]
[White "Aleksandr Frenkel"]
[Black "Geoffrey Rosser"]
[Result "1-0"]
[WhiteCountry "USA"]
[BlackCountry "ENG"]
[WhiteElo "2143"]
[WhiteRD "72"]
[BlackElo "1836"]
[BlackRD "61"]
[GameID "438818"]

1. e4 e5 2. Nf3 Nc6 3. Bb5 Nf6 4. O-O Nxe4 5. d4 Nd6 6. Bxc6 dxc6 7. dxe5 Ne4 8. Qe2 Nc5 9. Rd1 Qe7 10. Bg5 f6
11. Be3 Bd7 12. Bxc5 Qxc5 13. exf6+ Kd8 14. Ne5 Bd6 15. Nxd7 Kxd7 16. Qe7+ Kc8 17. Qe6+ Kb8 18. fxg7
1-0

[Event "Masternorm Tournament"]
[Site "SchemingMind.com"]
[Date "2019.02.28"]
[Round "-"]
[White "Archon"]
[Black "Aleksandr Frenkel"]
[Result "0-1"]
[WhiteCountry "CAN"]
[BlackCountry "USA"]
[WhiteElo "1817"]
[WhiteRD "71"]
[BlackElo "2143"]
[BlackRD "72"]
[GameID "438819"]

1. Nf3 Nf6 2. c4 g6 3. b4 Bg7 4. Bb2 O-O 5. g3 c6 6. Bg2 a5 7. b5 cxb5 8. cxb5 d5 9. a4 b6 10. O-O Bb7
11. d3 Nbd7 12. Nbd2 Rc8 13. Rc1 Rxc1 14. Qxc1 Qb8 15. Qa1 Rc8 16. Rc1 Rxc1+ 17. Qxc1 e5 18. Qa1 d4 19. Ba3 Nd5 20. Nb1 Qc7
21. Bb2 Qc2 22. Nfd2 Nc5 23. Bf3 Nb3 24. Nxb3 Qd1+ 25. Kg2 Ne3+ 26. fxe3 Qxe2+
0-1

[Event "Masternorm Tournament"]
[Site "SchemingMind.com"]
[Date "2019.02.28"]
[Round "-"]
[White "Aleksandr Frenkel"]
[Black "Archon"]
[Result "1-0"]
[WhiteCountry "USA"]
[BlackCountry "CAN"]
[WhiteElo "2143"]
[WhiteRD "72"]
[BlackElo "1817"]
[BlackRD "71"]
[GameID "438820"]

1. e4 d6 2. d4 Nf6 3. Nc3 g6 4. Nf3 Bg7 5. Be2 O-O 6. O-O a6 7. a4 Nc6 8. d5 Nb4 9. a5 e6 10. Be3 c5
11. dxe6 Bxe6 12. e5 dxe5 13. Bxc5 Nc6 14. Bxf8 Qxf8 15. Ng5 Qe7 16. Nxe6 Qxe6 17. Bd3 Nb4 18. Qe2 Bh6 19. Bc4 Qe8 20. Ne4 Nxe4
21. Qxe4 Nc6 22. Rfd1 Rd8 23. Rxd8 Qxd8 24. Bxa6
1-0

[Event "Masternorm Tournament"]
[Site "SchemingMind.com"]
[Date "2019.02.28"]
[Round "-"]
[White "Stephen Woodhouse"]
[Black "Aleksandr Frenkel"]
[Result "0-1"]
[WhiteCountry "ENG"]
[BlackCountry "USA"]
[WhiteElo "1870"]
[WhiteRD "68"]
[BlackElo "2143"]
[BlackRD "72"]
[GameID "438821"]

1. e4 e5 2. Nf3 Nc6 3. d4 exd4 4. Nxd4 Bc5 5. Nxc6 Qf6 6. Qf3 Qxc6 7. Bd3 Ne7 8. O-O O-O 9. Be3 Ng6 10. Bxc5 Qxc5
11. Nd2 d6 12. Nb3 Qe5 13. c3 Re8 14. Qg3 Nf4 15. Rfe1 Re6 16. Qe3 Rh6 17. g3 Qh5 18. Qxf4 Qxh2+ 19. Kf1 Rf6 20. Qe3 Bg4
21. f4 Bh3#
0-1

[Event "Masternorm Tournament"]
[Site "SchemingMind.com"]
[Date "2019.02.28"]
[Round "-"]
[White "Aleksandr Frenkel"]
[Black "Stephen Woodhouse"]
[Result "1-0"]
[WhiteCountry "USA"]
[BlackCountry "ENG"]
[WhiteElo "2143"]
[WhiteRD "72"]
[BlackElo "1870"]
[BlackRD "68"]
[GameID "438822"]

1. e4 e6 2. d4 d5 3. Nd2 dxe4 4. Nxe4 Nd7 5. Nf3 Ngf6 6. Nxf6+ Nxf6 7. Bd3 c5 8. O-O Qc7 9. c3 Bd6 10. Bg5 Nd5
11. Re1 h6 12. Bh4 O-O 13. dxc5 Bxc5 14. Bc2 Bd7 15. Qd3 f5 16. Rad1 g5 17. Bg3 Qb6 18. Bb3 f4 19. Qg6+ Kh8 20. Qxh6+ Kg8
21. Qg6+ Kh8 22. Nxg5 Nf6 23. Rxd7
1-0

[Event "Masternorm Tournament"]
[Site "SchemingMind.com"]
[Date "2019.03.04"]
[Round "-"]
[White "flyinduck"]
[Black "Aleksandr Frenkel"]
[Result "0-1"]
[WhiteCountry "CAN"]
[BlackCountry "USA"]
[WhiteElo "2033"]
[WhiteRD "62"]
[BlackElo "2155"]
[BlackRD "73"]
[GameID "438823"]

1. Nf3 Nf6 2. d4 g6 3. c4 Bg7 4. Nc3 O-O 5. e4 d6 6. Be2 Nbd7 7. O-O e5 8. Be3 Re8 9. d5 Ng4 10. Bg5 f6
11. Bh4 Nf8 12. Ne1 h5 13. Nd3 c5 14. dxc6 bxc6 15. Qa4 Qb6 16. c5 dxc5 17. Qc4+ Be6 18. Qxc5 Nd7 19. Qxb6 axb6 20. f3 Ne3
21. Rfc1 Bh6 22. Bf2 c5 23. b3 c4 24. bxc4 Nxc4 25. Rcb1 Rec8 26. Nd5 Bxd5 27. exd5 Na3 28. Rb2 Nc2 29. Rab1 Ra5 30. Bxb6 Nxb6
31. f4 Nxd5 32. fxe5 Be3+ 33. Kh1 Bd4 34. Rb8 Rxb8 35. Rxb8+ Kf7 36. exf6 Rxa2
0-1

[Event "Masternorm Tournament"]
[Site "SchemingMind.com"]
[Date "2019.03.04"]
[Round "-"]
[White "Aleksandr Frenkel"]
[Black "flyinduck"]
[Result "1/2-1/2"]
[WhiteCountry "USA"]
[BlackCountry "CAN"]
[WhiteElo "2155"]
[WhiteRD "73"]
[BlackElo "2033"]
[BlackRD "62"]
[GameID "438824"]

1. e4 e5 2. Nf3 Nf6 3. Nxe5 d6 4. Nf3 Nxe4 5. d4 d5 6. Bd3 Nc6 7. O-O Be7 8. c4 Nb4 9. cxd5 Nxd3 10. Qxd3 Qxd5
11. Re1 Bf5 12. Nc3 Nxc3 13. Qxc3 Be6 14. Qxc7 Bd6 15. Qc3 O-O 16. Bd2 Rac8 17. Qa5 Qxa5 18. Bxa5 b6 19. Bc3 Bd5 20. a3 Rfd8
21. Nd2 g6 22. Ne4 Be7 23. g4 Rd7 24. f4 f6 25. Kf2 Kf7 26. Rac1 Rdc7 27. Ra1 a5 28. h3 a4 29. f5 gxf5 30. gxf5 Bf8
31. h4 Re8 32. Ng3 Rxe1 33. Kxe1 Bd6 34. Kf2 Rc8 35. Nf1 Be4 36. Ne3 Bf4 37. Ng2 Bd6 38. Ne3 Bf4 39. Ng2=
1/2-1/2

[Event "Masternorm Tournament"]
[Site "SchemingMind.com"]
[Date "2019.02.28"]
[Round "-"]
[White "Aleksandr Frenkel"]
[Black "Dicken"]
[Result "0-1"]
[WhiteCountry "USA"]
[BlackCountry "GER"]
[WhiteElo "2155"]
[WhiteRD "73"]
[BlackElo "2132"]
[BlackRD "66"]
[GameID "438825"]

1. e4 c5 2. Nf3 d6 3. d4 cxd4 4. Nxd4 Nf6 5. Nc3 a6 6. Be3 e5 7. Nb3 Be6 8. Qd2 Be7 9. f3 Nbd7 10. g4 h6
11. O-O-O b5 12. Kb1 Nb6 13. Qf2 Nfd7 14. Bd3 Qc7 15. h4 b4 16. Ne2 a5 17. g5 a4 18. Nbc1 Nc4 19. Bxc4 Qxc4 20. gxh6 gxh6
21. Ng3 b3 22. cxb3 axb3 23. axb3 Qa6 24. Rd3 Nf6 25. Rhd1 O-O 26. Rc3 d5 27. Bxh6 d4 28. Qg1 Kh7 29. Bxf8 Bxf8 30. Rc7 Ne8
31. Nh5 Bh6 32. Rc5 d3 33. Rxd3 Bxc1 34. Kc2 Bxb2
0-1

[Event "Masternorm Tournament"]
[Site "SchemingMind.com"]
[Date "2019.02.28"]
[Round "-"]
[White "Dicken"]
[Black "Aleksandr Frenkel"]
[Result "0-1"]
[WhiteCountry "GER"]
[BlackCountry "USA"]
[WhiteElo "2132"]
[WhiteRD "66"]
[BlackElo "2155"]
[BlackRD "73"]
[GameID "438826"]

1. e4 e5 2. Nc3 Nf6 3. g3 c6 4. Bg2 Bb4 5. d3 d5 6. Bd2 Qb6 7. Nge2 dxe4 8. Nxe4 Nxe4 9. Bxe4 f5 10. Bg2 Bxd2+
11. Qxd2 Qxb2 12. O-O O-O 13. a4 Qb6 14. Qc3 Re8 15. Rab1 Qc7 16. f4 Nd7 17. fxe5 Nxe5 18. Nd4 g6 19. Rfe1 Re7 20. a5 a6
21. Qc5 Kg7 22. Re3 Kf6 23. Rbe1 Bd7 24. h3 Rae8 25. g4 fxg4 26. hxg4 Bxg4
0-1

[Event "Masternorm Tournament"]
[Site "SchemingMind.com"]
[Date "2019.03.10"]
[Round "-"]
[White "Geoffrey Rosser"]
[Black "David Connolly"]
[Result "0-1"]
[WhiteCountry "ENG"]
[BlackCountry "WLS"]
[WhiteElo "1836"]
[WhiteRD "61"]
[BlackElo "2058"]
[BlackRD "115"]
[GameID "439200"]

1. e4 c6 2. d4 d5 3. Nc3 dxe4 4. Nxe4 Bf5 5. Ng3 Bg6 6. Nf3 Nd7 7. Bc4 e6 8. O-O Ngf6 9. Re1 Qc7 10. Ng5 O-O-O
11. Bxe6 fxe6 12. Nxe6 Qb6 13. Nxd8 Qxd8 14. c4 Bd6 15. c5 Bc7 16. b4 Nd5 17. Qb3 Qf6 18. Qc4 Rf8 19. Be3 Nxe3 20. Rxe3 Qxf2+
21. Kh1 Qxe3
0-1